Europäische Integration und nationale Wirtschaftspolitik

Guardado en:
Detalles Bibliográficos
Autor principal: Laaser, Claus-Friedrich
Otros Autores: Soltwedel, Rüdiger
Formato: Libro
Lenguaje:alemán
Publicado: Tübingen Mohr 1993
Edición:1. Aufl.
Colección:Kieler Studien 255
Materias:
Etiquetas: Agregar Etiqueta
Sin Etiquetas, Sea el primero en etiquetar este registro!

MARC

LEADER 00000nam a2200000 4500
001 c003124
005 20221206074426.1
020 |a 3-16-146162-2 
041 0 |a ger 
044 |a DE 
245 1 0 |a Europäische Integration und nationale Wirtschaftspolitik  |c Claus-Friedrich Laaser a kol., Rüdiger Soltwedel 
250 |a 1. Aufl. 
264 1 |a Tübingen  |b Mohr  |c 1993 
300 |a 167 s. 
490 1 |a Kieler Studien  |v 255 
830 0 |a Kieler Studien  |v 255 
610 2 0 |a Európa 
610 2 0 |a Európske spoločenstvá 
610 2 0 |a integrácia ekonomická medzinárodná 
610 2 0 |a politika hospodárska 
610 2 0 |a EZVO 
610 2 0 |a politika finančná 
610 2 0 |a politika obchodná 
610 2 0 |a konkurencia 
610 2 0 |a politika peňažná 
610 2 0 |a politika menová 
610 2 0 |a politika regionálna 
610 2 0 |a politika sociálna 
610 2 0 |a trh práce 
610 2 0 |a politika daňová 
610 2 0 |a politika dopravná 
610 2 0 |a stredná Európa 
610 2 0 |a východná Európa 
100 1 |a Laaser, Claus-Friedrich 
700 1 |a Soltwedel, Rüdiger